Normal view
MARC view
Entry Personal Name
001 - CONTROL NUMBER
- control field: 1236976
003 - CONTROL NUMBER IDENTIFIER
- control field: OSt
005 - DATE AND TIME OF LATEST TRANSACTION
- control field: 20260430150250.0
008 - FIXED-LENGTH DATA ELEMENTS
- fixed length control field: 260430|| aca||aabn | a|a d
040 ## - CATALOGING SOURCE
- Original cataloging agency: OSt
- Transcribing agency: OSt
100 ## - HEADING--PERSONAL NAME
- Personal name: Piuthaimei Gonmei Zenus Au.; Shekhar Shashank Gu.; Dubey Chandra Shekhar Gu
670 ## - SOURCE DATA FOUND
- Source citation: Work cat.: (OSt)1849367: Piuthaimei Gonmei Zenus Au.; Shekhar Shashank Gu.; Dubey Chandra Shekhar Gu., Insight into the landscape development of the himalayas and the neotectonic influences on the anthropocene ghaggar saraswati drishadvati river basin, 2022
